| 000 | 00460nam a2200145Ia 4500 | ||
|---|---|---|---|
| 008 | 210210b1998 xxu||||| |||| 00| 0 eng d | ||
| 082 | _a820.9171241 MCLC | ||
| 100 | _aMcLEOD (A L) | ||
| 245 | _aCommonwealth and American nobel laureates in literature essays in criticism. | ||
| 260 |
_aN D _bSterling publishers pvt ltd, _c1998 |
||
| 300 | _axv,200 | ||
| 650 | _aCommonwealth American Laureates Literature | ||
| 690 | _aEnglish Literature | ||
| 906 | _a053555 | ||
| 999 |
_c101868 _d101868 |
||